សៀវភៅម៉ុនតេសូរី ស្ដីពី ការសម្របសម្រួល និង បំណិនជីវិត / (Record no. 1715)

MARC details
000 -LEADER
fixed length control field 02028nam a22002777a 4500
001 - CONTROL NUMBER
control field 1715
003 - CONTROL NUMBER IDENTIFIER
control field FISKH
005 - DATE AND TIME OF LATEST TRANSACTION
control field 20230919112336.0
008 - FIXED-LENGTH DATA ELEMENTS--GENERAL INFORMATION
fixed length control field 230919b cb ||||| |||| 00| 0 khr d
020 ## - INTERNATIONAL STANDARD BOOK NUMBER
International Standard Book Number 9789924340812
040 ## - CATALOGING SOURCE
Original cataloging agency FISKH
Language of cataloging eng
Transcribing agency FISKH
Modifying agency FISKH
082 ## - DEWEY DECIMAL CLASSIFICATION NUMBER
Classification number 612.6
100 ## - MAIN ENTRY--PERSONAL NAME
Personal name Pytamic, Maja
245 ## - TITLE STATEMENT
Title សៀវភៅម៉ុនតេសូរី ស្ដីពី ការសម្របសម្រួល និង បំណិនជីវិត /
Remainder of title ការចញ្ចឹមកូនឳ្យមានគំនិតច្នៃប្រឌិតនិងទំនុកចិត្ត :
Statement of responsibility, etc. និពន្ធដោយ ម៉ាចា ​ពីតាមីក - បកប្រែពីភាសាអង់គ្លេសដោយ ប៊ុត សុផល
250 ## - EDITION STATEMENT
Edition statement បោះពុម្ពលើកទី២​ កក្កដា ២០២១
260 ## - PUBLICATION, DISTRIBUTION, ETC.
Place of publication, distribution, etc. Phnom Penh :
Name of publisher, distributor, etc. Sipar,
Date of publication, distribution, etc. 2021.
300 ## - PHYSICAL DESCRIPTION
Extent 176 pages :
Other physical details color illustrations ;
Dimensions 22 cm
505 ## - FORMATTED CONTENTS NOTE
Formatted contents note Z'<br/>
520 ## - SUMMARY, ETC.
Summary, etc. សៀវភៅម៉ុនតេសូរី ស្ដីពីការសម្របសម្រួល និង បំណិនជីវិត ផ្អែកលើគោលការណ៍សមស្របនៃការអភិវឌ្ឍកុមារតូច។ សកម្មភាពអនុវត្តចំនួន ៧៧ នឹងជួយកុមារតូច ឳ្យចេះបំណិនជីវិតសំខាន់ៗ ដោយការជួយគាំទ្រពីមនុស្សធំ។
520 ## - SUMMARY, ETC.
Summary, etc. Montessori book on adaptation and life skills based on appropriate principles of early childhood development. 77 practice activities will help young children learn important life skills with the support of adults.
521 8# - TARGET AUDIENCE NOTE
Target audience note 920<br/><br/>
Source Lexile estimate<br/>
521 8# - TARGET AUDIENCE NOTE
Target audience note Z'<br/>
Source Raz-Plus<br/>
650 ## - SUBJECT ADDED ENTRY--TOPICAL TERM
Topical term or geographic name entry element ម៉ុនតេសូរី
Form subdivision អនុវត្ត
General subdivision គាំទ្រ
650 ## - SUBJECT ADDED ENTRY--TOPICAL TERM
Topical term or geographic name entry element Montessori
Form subdivision Practice
General subdivision Support
942 ## - ADDED ENTRY ELEMENTS (KOHA)
Source of classification or shelving scheme Dewey Decimal Classification
Koha item type Khmer Books
Suppress in OPAC No
Holdings
Withdrawn status Lost status Source of classification or shelving scheme Damaged status Not for loan Collection Home library Current library Shelving location Date acquired Total Checkouts Full call number Barcode Date due Date last seen Date last checked out Copy number Price effective from Koha item type
    Dewey Decimal Classification     Khmer Language Books / សៀវភៅភាសាខ្មែរ Footprints International School Library Network Toul Kork Campus Footprints International School Library Network Toul Kork Campus TK Campus, Room B402, Khmer Book Case 16, Shelves 112-123 / ទូរសៀវភៅខ្មែរលេខ ១៦​ ធ្នើរ ១១២ ដល់ ១២៣ បន្ទប់ B402 សាខាទួលគោក 09/19/2023 1 PYT 612.6 2023-0659 04/15/2026 04/01/2026 04/01/2026 1 09/19/2023 Khmer Books
    Dewey Decimal Classification     Khmer Language Books / សៀវភៅភាសាខ្មែរ Footprints International School Library Network Toul Tom Poung Campus Footprints International School Library Network Toul Tom Poung Campus TTP Secondary Khmer Bookshelves 09/19/2023 1 PYT 612.6 2023-0660   01/30/2026 09/30/2025 2 09/19/2023 Khmer Books